| 000 | 01650nam a2200481 c 4500 | ||
|---|---|---|---|
| 001 | 23989 | ||
| 003 | ES-MaCES | ||
| 005 | 20150929135730.0 | ||
| 008 | 110907s2010 sp d t 000 | spa d | ||
| 017 |
_aM 54019-2010 _bDL |
||
| 020 | _a9788484404675 | ||
| 035 | _aCES20110007052m | ||
| 040 |
_aES-MaCES _bspa _cES-MaCES |
||
| 245 | 0 | 3 |
_aEl primer impacto de la crisis en la cohesión social en España _cMiguel Laparra, Begoña Pérez Eransus (coords.) |
| 260 |
_aMadrid _bFundación FOESSA _bCáritas Española _c2010 |
||
| 300 |
_a519 p. _bgráf. bl. y n. _c24 cm |
||
| 490 | 1 |
_aColección de estudios _v32 |
|
| 504 | _aBibliografía | ||
| 541 | _cCompra | ||
| 650 | 4 |
_acrisis económica _927102 |
|
| 650 | 4 |
_aevaluación del impacto _930732 |
|
| 650 | 4 |
_apobreza _927112 |
|
| 650 | 4 |
_aexclusión social _930629 |
|
| 650 | 4 |
_aempleo precario _930171 |
|
| 650 | 4 |
_adesigualdad social _930789 |
|
| 650 | 4 |
_acohesión social _930743 |
|
| 650 | 4 |
_apolítica social _927029 |
|
| 650 | 4 |
_aEspaña _926964 |
|
| 650 | 4 |
_aencuesta _928856 |
|
| 650 | 4 |
_a2007-2009 _931902 |
|
| 650 | 4 |
_acomentario _928971 |
|
| 653 | 1 | 0 | _aAsuntos Sociales |
| 650 | 4 |
_927056 _aservicios sociales |
|
| 700 | 1 |
_aLaparra, Miguel _ecol. _916189 |
|
| 710 | 2 |
_aFundación FOESSA _eed. _93823 |
|
| 710 | 2 |
_aCáritas Española _eed. _91740 |
|
| 787 | 0 |
_tEl primer impacto de la crisis en la cohesión social en España _w(ES-MaCES)23177 |
|
| 700 | 1 |
_920764 _aPérez Eransus, Begoña _ecol. |
|
| 830 | 0 |
_aColección de estudios (Fundación FOESSA) _v32 _933044 |
|
| 902 | _aLIB Libro | ||
| 942 |
_2CES _cBK _h3.3. |
||
| 999 |
_c23989 _d23989 |
||